LEADER 00881cam0 22002773 450 001 SOB020407 005 20210729091711.0 010 $a0582792851 100 $a20040211d1986 |||||ita|0103 ba 101 $aeng 102 $aUK 200 1 $aStudying Thomas Hardy$fLance St John Butler 210 $aNew York$cLongman$aBeirut$cYork Press$d1986 215 $a136 p.$d20 cm 225 2 $aYork Handbooks 410 1$1001LAEC00018727$12001 $a*York Handbooks 700 1$aButler$b, Lance_St_John$3AF00012872$4070$0251256 801 0$aIT$bUNISOB$c20210729$gRICA 850 $aUNISOB 852 $aUNISOB$j820$m112113 912 $aSOB020407 940 $aM 102 Monografia moderna SBN 941 $aM 957 $a820$b002273$gSI$d112113$rdono Corrado$1Alfano$2UNISOB$3UNISOB$420150528140025.0$520150528140045.0$6Alfano 996 $aStudying Thomas Hardy$91676127 997 $aUNISOB LEADER 00828nam0-2200265 --450 001 9910990392803321 005 20250409131541.0 100 $a20250409d1903----kmuy0itay5050 ba 101 0 $aita 102 $aIT 105 $a 001yy 200 1 $aPrincipii di stereodinamica$ecorso sulla formazione, l'interpretazione e l'integrazione delle equazioni del movimento dei solidi$fdi Gian Antonio Maggi 210 $aMilano$cHoepli$d1903 215 $aXI, 262 p.$d24 cm. 225 1 $aBiblioteca tecnica$v120 610 0 $aStereodinamica 676 $a531.3$v19$zita 700 1$aMaggi,$bGian Antonio$02788 801 0$aIT$bUNINA$gREICAT$2UNIMARC 901 $aBK 912 $a9910990392803321 952 $aA MUSA 71$b03/2736/25$fFAGBC 959 $aFAGBC 996 $aPrincipii di stereodinamica$94349250 997 $aUNINA